Notas para una definición de la poesía

Gespeichert in:
Bibliographische Detailangaben
1. Verfasser: Ros-Zanet, José Guillermo
Format: Buch
Sprache:Undetermined
Veröffentlicht: Panamá, Panamá /s.n./ 1989
Schlagworte:
Tags: Tag hinzufügen
Keine Tags, Fügen Sie den ersten Tag hinzu!

MARC

LEADER 00000nam a2200000Ia 4500
008 170316s9999 xx 000 0 und d
090 |a 801 R-22j 
100 |a Ros-Zanet, José Guillermo 
245 |a Notas para una definición de la poesía 
260 |a Panamá, Panamá 
260 |b /s.n./ 
260 |c 1989 
300 |a 45 páginas 
650 |a TEORÍA LITERARIA 
999 |c 20604  |d 20604 
040 |a cru BVZT 
942 |c 15 D  |h 801 R-22j  |2 z